000 00907nam a2200289Ia 4500
003 OSt
005 20221007120956.0
006 a|||||r|||| 00| 0
007 ta
008 221006b |||||||| |||| 00| 0 eng d
020 _a1933699434 (hbd)
024 _a84485
037 _b042/09-10, 29/07/2009, N R Book Distributors
_cTextbook
040 _aBDL
_cBDL
_beng
041 _2eng
_aeng
082 _aI:(E9G), P9 Carb
100 _aNarwal S S Ed.
_9413896
245 0 _aPlant biochemistry
260 _aUSA
_bStudium Press
_c2009
300 _axxii, 631p.
_ccm.
500 _aIncludes bibliographical references.; Appendices 615-626p.; Index 627-631p.
650 _a Biochemistry
650 _a Plant
_9431280
650 _aBotany
942 _hI:(E9G), P9 Carb
_cTB
_2CC
999 _c1208260
_d1208260